000 01891nam0a2200373 4500
001 RU\NLR\bibl\1044993
005 20260406044030.0
010 _a5-8123-0180-8
_bСлово
010 _a5-699-18886-X
_94000
_bЭКСМО
021 _aRU
_b2006-85546
_94337
035 _a(nilc)RSL-KNO-003016012
035 _a(NLR Aleph) 001032366
090 _a766744
_c766744
100 _a20061226d2006 |||y0rusy50 ca
101 0 _arus
_afre
102 _aRU
105 _aa zzzz|||||
106 _ar
200 1 _aФранцузский с 3-х лет
_eпервый учебник вашего малыша
_fЕ. В. Агеева
210 _aМосква
_cСлово
_cЭКСМО
_d2006
_eУльяновск
_gУльяновский Дом печати
215 _a287 с.
_cцв. ил.
_d27
225 1 _aПервый учебник вашего малыша
300 _aНа обл. авт. не указан
606 1 _aФранцузский язык
_jУчебники для дошкольного обучения
_91524672
_3RU\NLR\auth\66964829
610 0 _aКультура. Наука. Просвещение -- Народное образование. Педагогические науки -- Семейное воспитание -- Теория и практика семейного воспитания -- Российская Федерация -- Помощь семьи в обучении детей -- Подготовка детей дошкольного возраста к школе
686 _aЧ491,6(2)71,0
_2rubbk
686 _aШ147.11-93рус1
700 1 _4070
_8rus
_7ca
_aАгеева
_bЕ. В.
_cфилолог
_gЕвгения Владимировна
_3RU\NLR\auth\773996
_9113985
801 0 _aRU
_bРКП
_c20061226
_grcr
801 1 _aRU
_bРГБ
_c20061226
801 2 _aRU
_bNLR
_c20070213
_grcr
942 _cBOOK
980 _aNB